000 00884cam a22002893a 4500
001 9306
003 PGUSA
005 20140828083210.0
008 051101s2005||||xxu|||||s|||||000 | eng d
040 _aPGUSA
_beng
042 _adc
050 4 _aB
050 4 _aBH
100 1 _aCroce, Benedetto,
_d1866-1952
245 1 0 _aAesthetic as Science of Expression and General Linguistic
_h[electronic resource] /
_cBenedetto Croce
260 _bProject Gutenberg,
_c2005
506 _aPublic domain in the USA.
516 _aElectronic text
653 _aPhilosophy
653 _aLanguage and languages -- Philosophy
653 _aAesthetics
700 1 _aAinslie, Douglas,
_d1865-1948
740 0 _aEstetica come scienza dell'espressione e linguistica generale. English
830 0 _aProject Gutenberg
_v9306
856 4 0 _uhttp://www.gutenberg.org/ebooks/9306
942 _cEB
999 _c238562
_d238562